[Event "Corsica Masters"]
[Site "Bastia FRA"]
[Date "2007.10.29"]
[Round "1.1"]
[White "Van Wely,L"]
[Black "Prie,E"]
[Result "1-0"]
[WhiteElo "2679"]
[BlackElo "2532"]
[EventDate "2007.10.29"]

1. d4 d5 2. c4 c6 3. Nf3 Nf6 4. Nc3 a6 5. a4 e6 6. Bg5 a5 7. e3 Na6 8. Be2
Be7 9. O-O Nb4 10. Qb3 O-O 11. Rac1 Kh8 12. Rfd1 Ne4 13. Bxe7 Qxe7 14. Na2
Bd7 15. Nxb4 Qxb4 16. Qxb4 axb4 17. Ne5 Be8 18. f3 Nd6 19. c5 Nf5 20. e4 f6
21. Ng4 Ne7 22. b3 Bh5 23. Nf2 dxe4 24. Nxe4 Nd5 25. Bc4 Rad8 26. Re1 Rd7
27. Nd6 Bf7 28. Nxf7+ Rfxf7 29. Rxe6 g6 30. Kf2 Kg7 31. Bxd5 Rxd5 32. Rc4
Rfd7 33. Ke3 Kf7 34. Re4 f5 35. f4 g5 36. Re6 Kxe6 37. g3 g4 38. Rxb4 1-0

[Event "Corsica Masters"]
[Site "Bastia FRA"]
[Date "2007.10.29"]
[Round "1.1"]
[White "Mchedlishvili,M"]
[Black "Fridman,D2"]
[Result "1/2-1/2"]
[WhiteElo "2631"]
[BlackElo "2621"]
[EventDate "2007.10.29"]

1. d4 d5 2. c4 c6 3. Nf3 Nf6 4. e3 Bf5 5. Nc3 e6 6. Nh4 Bg6 7. Nxg6 hxg6 8.
a3 Nbd7 9. g3 Bd6 10. b3 Qe7 11. Bg2 O-O 12. O-O Rad8 13. c5 Bc7 14. f4 g5
15. fxg5 Nh7 16. h4 Bxg3 17. Qg4 Bb8 18. e4 dxe4 19. Nxe4 f5 20. gxf6 Ndxf6
21. Qg6 Nxe4 22. Rxf8+ Rxf8 23. Qxe4 Qc7 24. Qxe6+ Kh8 25. Qh3 Qf7 26. Kh1
Nf6 27. h5 Nxh5 28. d5 Be5 29. Ra2 Kg8 30. Be3 cxd5 31. Rf2 Nf6 32. b4 Re8
33. Bg5 Bd4 34. Rf1 Rd8 35. Rd1 Be5 36. Qf3 d4 37. Rd3 Qg6 38. Bxf6 Bxf6
39. Qe4 Qxe4 40. Bxe4 Rd7 41. Kg2 Kf7 42. Kf3 Ke7 43. Rd1 Kd8 44. Ke2 Kc7
45. Rc1 Re7 46. Kd3 Re5 47. c6 b6 48. Rf1 Rh5 49. a4 a6 50. Rf3 b5 51. axb5
axb5 52. Rf1 Rh3+ 53. Rf3 Rh5 54. Rf1 Kb6 55. Rf3 Rh2 56. Rf5 Rh3+ 57. Rf3
Rxf3+ 58. Bxf3 Be7 59. Kxd4 Bxb4 60. Kd5 Ba3 61. Kd4 g5 62. Kc3 Bd6 63. Kb3
Kc5 64. Kc3 Be5+ 65. Kb3 Bc7 66. Bg2 g4 67. Bh1 g3 68. Bg2 Bd6 69. Bh1 Kd4
70. c7 Bxc7 71. Kb4 Ke3 72. Kxb5 Kf2 73. Bd5 g2 74. Bxg2 Kxg2 1/2-1/2

[Event "Corsica Masters"]
[Site "Bastia FRA"]
[Date "2007.10.29"]
[Round "1.2"]
[White "Prie,E"]
[Black "Van Wely,L"]
[Result "1/2-1/2"]
[WhiteElo "2532"]
[BlackElo "2679"]
[EventDate "2007.10.29"]

1. d4 d5 2. a3 Nf6 3. Nf3 Bf5 4. c4 c6 5. cxd5 cxd5 6. Qb3 Qb6 7. Qxb6 axb6
8. Nc3 Nc6 9. Bf4 e6 10. e3 Be7 11. Bb5 Nd7 12. O-O O-O 13. Rac1 Rfc8 14.
h3 h6 15. Nd2 g5 16. Bh2 Bg6 17. Rfd1 Nf6 18. f3 Ne8 19. Na4 Bd8 20. Nb3
Kf8 21. Nc3 Bc7 22. Bxc7 Nxc7 23. Be2 Ke7 24. Kf2 Ne8 25. e4 dxe4 26. fxe4
Nd6 27. Ke3 f5 28. e5 f4+ 29. Kf2 Ne4+ 30. Nxe4 Bxe4 31. Bf3 Bd5 32. Bxd5
exd5 33. Ke2 Nd8 34. Rxc8 Rxc8 35. Rc1 Rc6 36. Kd3 Ne6 37. Rf1 Rc4 38. Rc1
Rc6 39. Rc3 f3 40. g3 h5 41. Nd2 g4 42. hxg4 hxg4 43. Nf1 Ng5 44. Ne3 Ke6
45. Nxg4 Ne4 46. Rxc6+ bxc6 47. Ke3 Nxg3 48. a4 Nf5+ 49. Kd3 c5 50. dxc5
bxc5 51. a5 c4+ 52. Kd2 Kd7 53. a6 Kc6 54. e6 Kb6 55. Ne3 Ne7 56. Ke1 Kxa6
57. Kf2 Kb5 58. Kxf3 Kc5 59. Kf4 Kd6 60. Nf5+ Nxf5 61. Kxf5 d4 62. Ke4 c3
63. bxc3 dxc3 1/2-1/2

[Event "Corsica Masters"]
[Site "Bastia FRA"]
[Date "2007.10.29"]
[Round "1.2"]
[White "Milov,L"]
[Black "Kasimdzhanov,R"]
[Result "1/2-1/2"]
[WhiteElo "2492"]
[BlackElo "2690"]
[EventDate "2007.10.29"]

1. e4 e5 2. Nf3 Nc6 3. Bb5 a6 4. Bxc6 dxc6 5. O-O Bg4 6. h3 h5 7. d3 Qf6 8.
Be3 Bxf3 9. Qxf3 Qxf3 10. gxf3 Bd6 11. Rd1 Ne7 12. Nd2 f6 13. Nc4 c5 14. c3
Nc6 15. f4 exf4 16. Nxd6+ cxd6 17. Bxf4 Rd8 18. Be3 Kf7 19. f3 g5 20. Kg2
g4 21. d4 cxd4 22. Bxd4 gxf3+ 23. Kxf3 d5 24. Bb6 dxe4+ 25. Kxe4 Rhe8+ 26.
Kf4 Rxd1 27. Rxd1 Re2 28. b4 Rxa2 29. Rd7+ Ke6 30. Rxb7 Rc2 31. Bd4 Nxd4
32. cxd4 Rc3 33. Rb6+ Kd5 34. Rxa6 Rxh3 35. Rxf6 Kxd4 36. b5 Rb3 37. b6 Kc5
38. Rf5+ Kxb6 39. Rxh5 Ra3 40. Rh1 Ra8 41. Ke4 1/2-1/2